000 00517nam a2200205Ia 4500
008 170918s9999 xx 000 0 und d
020 _a439254043
050 _bA113 1997
100 _aAardema, Verna
245 _aAnansi does the impossible :
245 _ban Ashanti tale /
245 _cVerna Aardema ; illustrated by Lisa Desimini.
260 _aNew York :
260 _bScholastic,
260 _c1997
300 _aunpaged :
300 _bcolored illustration ;
300 _c17cm.
500 _a630
999 _c341779
_d341779